Score 0/30 Timer 03:00
17 Plays Today
HINT WORD % Correct
IdenticalSAME
84.2%
Store eventSALE
83.7%
Turn to liquidMELT
83.4%
Sidewalk ice melterSALT
81.4%
● SPALDING PRODUCT ●● BALL ●
80.7%
Shake alternativeMALT
78.4%
Craft fabricFELT
77.6%
Trouser cinchBELT
76.5%
Kind of curve or jarBELL
74.4%
Referee's decisionCALL
73%
____ After ReadingBURN
72.5%
MonikerNAME
71.7%
Hurl a lureCAST
71.2%
PennyCENT
70.9%
DomesticateTAME
70.6%
HINT WORD % Correct
● ALASKAN CITY ●● NOME ●
64.1%
Boba or JangoFETT
61.7%
Weighty volumeTOME
60.9%
The ____ Of AmontilladoCASK
57.9%
● LOLL IN WARMTH ●● BASK ●
57.4%
Road tilt angleCANT
56.8%
● WORD WITH OVER OR STILE ●● TURN ●
55.8%
Remove from a groupCULL
54.1%
Derrick Rose, e. g.BULL
52.6%
Shipping weightTARE
50.2%
Oak knotBURL
48.3%
Mountain lakeTARN
44.1%
● ARGU OR ORNA FOLLOWER ●● MENT ●
34.2%
● COMICS GIRL ETTA ____● KETT ●
20.8%
Lear loyalistKENT
20.4%

Today's Daily Dose

Missing Word
I Hardly Know Her!

Word Ladder
Sentence Ending

Quick Pick
Female Firsts

Get the Picture
Triathlon Sports

Remove Ads.
Support Sporcle.
Get the best of Sporcle when you Go Orange. This ad-free experience offers more features, more stats, and more fun while also helping to support Sporcle. Thank you for becoming a member.

You're not logged in!

Compare scores with friends on all Sporcle quizzes.
OR
Log In

Show Comments

Extras

Top Quizzes Today


Score Distribution

Your Account Isn't Verified!

In order to create a playlist on Sporcle, you need to verify the email address you used during registration. Go to your Sporcle Settings to finish the process.

Report this User

Report this user for behavior that violates our Community Guidelines.

Details: